000 00942 a2200289 4500
003 OSt
005 20180116192352.0
008 120601t xxu||||| |||| 00| 0 eng d
010 _a 2004272948
020 _a0714843059
020 _a9780714843056
035 _a(CStRLIN)MOSA04-B240
040 _c0
082 _a745.4092
100 1 _aSchouwenberg, Louise.
_93729
245 1 0 _aHella Jongerius /
_c[author, Louise Schouwenberg].
260 _aLondon ;
_aNew York, NY :
_bPhaidon,
_c2003.
300 _a[148] p. :
_bill. (some col.) ;
_c25 cm.
500 _aCover title.
600 1 0 _aJongerius, Hella
_xThemes, motives.
_93730
600 1 0 _aJongerius, Hella
_93731
650 1 0 _aDesign
_zNetherlands
_xHistory
_y20th century.
_93732
650 1 0 _aDesigners
_zNetherlands
_93733
700 1 _aJongerius, Hella.
_93734
942 _aSADA
_cBK
_k745.4092 SCH 2003
_2ddc
999 _c352964
_d352964